00610 2200241 4500001002100000005001500021035002000036007000300056008004100059020002200100082001000122084001600132100002200148245004600170250001000216260004300226300003500269650002000304990001100324990001100335990001100346990001100357INLIS00000000000565120200630094524 a0010-0420000045ta200630 g 0 ind  a978-602-223-061-8 a789.2 a789.2 AND g0 aANDARINI, Saptika1 aGamelan dan Karawitan /cAndarini Saptika acet.2 aJakarta :bMultazam Mulia Utama,c2012 aiv, 70 hlm. :bilus. ;c25 cm. 4aMUSIK JAWA.ALAT a7389 a a7389 b a7389 c a7389 d